Traduction des titres de Michael Jackson #2 - Statistiques

Statistiques générales
  • Ce quiz a été pris 402 fois
  • Le résultat moyen est 11 sur 15
Statistiques - réponses
Traduction française Titre original % Correct
Nature Humaine Human Nature
94%
Souviens-toi du temps Remember The Time
94%
Pleurer Cry
91%
Tu n'est pas seul You Are Not Alone
91%
Guérir le monde Heal The World
88%
Chanson de la Terre Earth Song
85%
Une autre partie de moi Another Part Of Me
81%
Démon de la vitesse Speed Demon
81%
Venir ensemble Come Together
80%
Juste de bons amis Just Good Friends
73%
Incassable Unbreakable
73%
La dame dans ma vie The Lady in My Life
61%
Garde la foi Keep The Faith
57%
Parti trop tôt Gone Too Soon
49%
Sans voix Speechless
35%
Aucun quiz correspondant
Distribution des résultats
% des personnes avec chaque résultat
Percentile par nombre de réponses
Votre historique - résultats
Vous n’avez pas pris ce quiz